<?xml version="1.0" encoding="UTF-8"?>
<collection xmlns="http://www.loc.gov/MARC21/slim">
 <record>
  <leader>00391pamaa2200133   4500</leader>
  <controlfield tag="001">0000028200</controlfield>
  <controlfield tag="005">20070119090000.0</controlfield>
  <datafield tag="020" ind1="0" ind2="0">
   <subfield code="a">1578701058 </subfield>
  </datafield>
  <datafield tag="090" ind1="0" ind2="0">
   <subfield code="a">TK5105.5 </subfield>
   <subfield code="b">DES 1999</subfield>
  </datafield>
  <datafield tag="245" ind1="0" ind2="0">
   <subfield code="a">DESIGNING Cisco networks  </subfield>
   <subfield code="c">edited by Diane Teare.</subfield>
  </datafield>
  <datafield tag="260" ind1="0" ind2="0">
   <subfield code="a">Indianapolis: </subfield>
   <subfield code="b">Cisco System, </subfield>
   <subfield code="c">1999.</subfield>
  </datafield>
  <datafield tag="300" ind1=" " ind2=" ">
   <subfield code="a">xxv, 803p.: </subfield>
   <subfield code="b">ill.; </subfield>
   <subfield code="c">24cm.</subfield>
  </datafield>
  <datafield tag="650" ind1="0" ind2="0">
   <subfield code="a">TCP/IP (Computer network protocol) </subfield>
  </datafield>
  <datafield tag="700" ind1="1" ind2="1">
   <subfield code="a">Teare, </subfield>
   <subfield code="h">Diane </subfield>
  </datafield>
 </record>
</collection>
